[Event "World Cup U18 Girls Prel"]
[Site "Tornelo INT"]
[Date "2021.08.01"]
[Round "3"]
[White "Hajiyeva, Laman"]
[Black "Paez, Alexandra Sydney"]
[Result "0-1"]
[WhiteElo "2000"]
[BlackElo "1667"]
[PlyCount "128"]
[EventDate "2021.08.01"]
[EventType "swiss (rapid)"]
[EventRounds "10"]
[EventCountry "NET"]
[SourceTitle "EXT 2024"]
[Source "ChessBase"]
[SourceDate "2023.10.10"]
[SourceVersion "1"]
[SourceVersionDate "2023.10.10"]
[SourceQuality "1"]

1. d4 Nf6 2. c4 e6 3. Nc3 d5 4. cxd5 Nxd5 5. e4 Nxc3 6. bxc3 c5 7. Rb1 b6 8. Nf3 Be7 9. Bc4 Bb7 10. Bb5+ Bc6 11. Bxc6+ Nxc6 12. d5 exd5 13. exd5 Na5 14. Qa4+ Qd7 15. Qxd7+ Kxd7 16. Ne5+ Ke8 17. 0-0 f6 18. Nf3 Rd8 19. Rd1 Kf7 20. Bf4 Rd7 21. Rd3 Rhd8 22. Rbd1 g5 23. Bc1 Nc4 24. h3 h5 25. Ne1 b5 26. Nc2 Nb6 27. Ne3 c4 28. R3d2 Bc5 29. Rb2 a6 30. Nf5 Rxd5 31. Rbd2 Rxd2 32. Rxd2 Rxd2 33. Bxd2 Kg6 34. g4 hxg4 35. hxg4 a5 36. Kf1 b4 37. cxb4 axb4 38. Ke2 Nd5 39. f3 Kf7 40. Kd1 Ke6 41. Kc2 Ke5 42. Ng3 Be3 43. Nf5 Bxd2 44. Kxd2 Kf4 45. Nd4 Nc3 46. a3 Nb1+ 47. Kc2 Nxa3+ 48. Kb2 Ke3 49. Nc6 Kxf3 50. Nxb4 Nb5 51. Nd5 Kxg4 52. Nxf6+ Kf4 53. Nd5+ Kf3 54. Nb6 c3+ 55. Kc2 g4 56. Nc4 g3 57. Ne5+ Kf2 58. Nd3+ Kf1 59. Nf4 g2 60. Nh3 g1Q 61. Nxg1 Kxg1 62. Kd1 Kf2 63. Kc2 Ke2 64. Kc1 Kd3 0-1

[Event "World Cup U18 Girls Prel"]
[Site "Tornelo INT"]
[Date "2021.08.01"]
[Round "7"]
[White "Paez, Alexandra Sydney"]
[Black "Allahverdiyeva, Ayan"]
[Result "0-1"]
[WhiteElo "1667"]
[BlackElo "2095"]
[PlyCount "64"]
[EventDate "2021.08.01"]
[EventType "swiss (rapid)"]
[EventRounds "10"]
[EventCountry "NET"]
[SourceTitle "EXT 2024"]
[Source "ChessBase"]
[SourceDate "2023.10.10"]
[SourceVersion "1"]
[SourceVersionDate "2023.10.10"]
[SourceQuality "1"]

1. e4 c5 2. Nf3 e6 3. Nc3 d6 4. d4 cxd4 5. Nxd4 Nf6 6. f4 Nc6 7. Be3 e5 8. Nxc6 bxc6 9. fxe5 Ng4 10. Bf4 Qb6 11. Qd2 dxe5 12. Na4 Qb8 13. 0-0-0 Be7 14. Bg3 0-0 15. Bc4 a5 16. h4 Qa7 17. Rhe1 Rb8 18. Kb1 Rb4 19. Bb3 c5 20. a3 Rd4 21. Qe2 h5 22. Nc3 Ba6 23. Qf3 c4 24. Ba2 Qb6 25. Nd5 Qb7 26. Qc3 Bc5 27. Bxe5 Rxd1+ 28. Rxd1 Nxe5 29. Qxe5 Bxa3 30. Rg1 Rb8 31. b3 cxb3 32. cxb3 a4 0-1

[Event "World Cup U18 Girls Prel"]
[Site "Tornelo INT"]
[Date "2021.08.01"]
[Round "8"]
[White "Paez, Alexandra Sydney"]
[Black "Bandurina, Sofiya"]
[Result "0-1"]
[WhiteElo "1667"]
[BlackElo "1854"]
[PlyCount "74"]
[EventDate "2021.08.01"]
[EventType "swiss (rapid)"]
[EventRounds "10"]
[EventCountry "NET"]
[SourceTitle "EXT 2024"]
[Source "ChessBase"]
[SourceDate "2023.10.10"]
[SourceVersion "1"]
[SourceVersionDate "2023.10.10"]
[SourceQuality "1"]

1. e4 d6 2. d4 Nf6 3. Nc3 c6 4. f4 Qb6 5. e5 Nd5 6. Nf3 Bg4 7. Be2 Nxc3 8. bxc3 d5 9. 0-0 g6 10. Ng5 Bxe2 11. Qxe2 h6 12. Nh3 e6 13. g4 h5 14. Nf2 hxg4 15. Nxg4 Nd7 16. a4 Be7 17. a5 Qc7 18. Be3 Kf8 19. Bf2 Kg7 20. c4 b6 21. a6 Rab8 22. Rfb1 Nf8 23. c3 Nh7 24. Re1 Qd8 25. Bg3 Nf8 26. Rab1 g5 27. Rf1 gxf4 28. Rxf4 Ng6 29. Rf2 Bh4 30. Rbf1 Rf8 31. Kg2 Bxg3 32. hxg3 Qg5 33. Rh1 Rh8 34. Rhf1 Rbf8 35. Nf6 Nh4+ 36. Kh3 Nf5+ 37. Kg2 Qxg3# 0-1

[Event "Asia-ch Universities (Women)"]
[Site "Tagaytay City"]
[Date "2018.05.31"]
[Round "8"]
[White "Liao, Rui"]
[Black "Paez, Alexandra Sydney"]
[Result "1-0"]
[WhiteElo "1845"]
[BlackElo "1635"]
[PlyCount "121"]
[EventDate "2018.05.27"]
[EventType "swiss"]
[EventRounds "9"]
[EventCountry "PHI"]
[SourceTitle "CBM 184 Extra"]
[Source "ChessBase"]
[SourceDate "2018.06.28"]
[SourceVersion "1"]
[SourceVersionDate "2018.06.28"]
[SourceQuality "1"]

1. d4 Nf6 2. c4 e6 3. Nc3 d5 4. Bg5 Nbd7 5. Nf3 c6 6. e3 Qa5 7. Nd2 Bd6 8. c5 Be7 9. a3 0-0 10. b4 Qd8 11. Bf4 Re8 12. Bd3 Nf8 13. 0-0 Ng6 14. Bxg6 hxg6 15. e4 Nh5 16. Be3 dxe4 17. Ndxe4 f5 18. Ng3 Nf6 19. f4 Ng4 20. Qd2 Kf7 21. Nge2 Rh8 22. h3 Nf6 23. Nc1 Nd5 24. Nxd5 Qxd5 25. Nd3 Bf6 26. Ne5+ Bxe5 27. dxe5 Qxd2 28. Bxd2 Rd8 29. Be3 Rd3 30. Kf2 Bd7 31. Rfd1 Rd5 32. Rxd5 exd5 33. Ke2 Be6 34. Kd2 Rd8 35. Kc3 a6 36. Bd4 Rh8 37. Re1 Rh5 38. Be3 Rh8 39. Rd1 Ra8 40. Rb1 Rd8 41. Bd4 Rh8 42. Rf1 Ra8 43. Kb3 Ke7 44. Rf3 a5 45. bxa5 Rxa5 46. a4 Kf7 47. Kb4 Ra8 48. a5 Ra6 49. Ka4 Ra7 50. Rb3 Bc8 51. Rb6 Ra6 52. e6+ Kxe6 53. Bxg7 Rxb6 54. cxb6 Kd6 55. Bf8+ Ke6 56. Kb4 Kf6 57. Bd6 Ke6 58. Be5 d4 59. Bxd4 Kd5 60. Bf2 Ke4 61. Kc5 1-0

[Event "Asia-ch Universities (Women)"]
[Site "Tagaytay City"]
[Date "2018.05.30"]
[Round "6"]
[White "Azman Hisham, Nur Nabila"]
[Black "Paez, Alexandra Sydney"]
[Result "1-0"]
[WhiteElo "1940"]
[BlackElo "1635"]
[PlyCount "95"]
[EventDate "2018.05.27"]
[EventType "swiss"]
[EventRounds "9"]
[EventCountry "PHI"]
[SourceTitle "CBM 184 Extra"]
[Source "ChessBase"]
[SourceDate "2018.06.28"]
[SourceVersion "1"]
[SourceVersionDate "2018.06.28"]
[SourceQuality "1"]

1. d4 Nf6 2. c4 e6 3. Nf3 d5 4. Bg5 Nbd7 5. Nc3 c6 6. e3 Qa5 7. Nd2 Bd6 8. cxd5 exd5 9. Bd3 0-0 10. 0-0 h6 11. Bh4 Re8 12. a3 Qc7 13. Bg3 Bxg3 14. hxg3 Nf8 15. b4 Qe7 16. Qc2 Ne6 17. Nf3 Ng4 18. b5 Ng5 19. bxc6 bxc6 20. Na4 Bd7 21. Nc5 Ne4 22. Bxe4 dxe4 23. Nh2 Nf6 24. Rab1 Rab8 25. Qa4 Rec8 26. Rfc1 Be8 27. Rb3 Rxb3 28. Qxb3 Nd5 29. Rb1 f5 30. Qc2 Bf7 31. Rb7 Rc7 32. Rb8+ Kh7 33. a4 Qd6 34. a5 Re7 35. Rb2 Nc7 36. Nf1 Nb5 37. a6 Bd5 38. Nd2 Qc7 39. Qa4 Re8 40. Nb1 Rb8 41. Nb7 Qe7 42. Rb4 Kg6 43. Na3 Nc3 44. Qa5 Ne2+ 45. Kf1 Nc1 46. Nc5 Rxb4 47. Qxb4 Nd3 48. Nxd3 1-0

[Event "Eastern Asia-ch U20 Girls"]
[Site "Tagaytay CIty"]
[Date "2017.05.31"]
[Round "5.6"]
[White "Dela Cruz, Daren"]
[Black "Paez, Alexandra Sydney"]
[Result "1/2-1/2"]
[WhiteElo "1287"]
[BlackElo "1868"]
[PlyCount "83"]
[EventDate "2017.05.27"]
[EventType "swiss"]
[EventRounds "9"]
[EventCountry "PHI"]
[SourceTitle "EXT 2024"]
[Source "ChessBase"]
[SourceDate "2023.10.10"]
[SourceVersion "1"]
[SourceVersionDate "2023.10.10"]
[SourceQuality "1"]

1. d4 Nf6 2. Nf3 g6 3. Bf4 Bg7 4. e3 0-0 5. c3 b6 6. Be2 Bb7 7. Nbd2 a6 8. Qc2 d5 9. h3 Nbd7 10. 0-0 c5 11. Rac1 Re8 12. Rfd1 Qc8 13. Ne5 Nxe5 14. Bxe5 Ne4 15. Bxg7 Kxg7 16. Nxe4 dxe4 17. d5 f5 18. g4 Qc7 19. c4 Qe5 20. Qc3 Qxc3 21. Rxc3 Red8 22. a3 a5 23. Rc2 Rd6 24. b4 Rad8 25. Rb1 Ba6 26. b5 Bb7 27. Kg2 e6 28. dxe6 Rxe6 29. Rd1 Red6 30. Rcc1 Kf6 31. Rxd6+ Rxd6 32. Rd1 Rxd1 33. Bxd1 g5 34. gxf5 Kxf5 35. Kg3 Ba8 36. Bc2 h5 37. h4 g4 38. Kg2 Bb7 39. a4 Ke5 40. Kg3 Bc8 41. Bb1 Be6 42. Ba2 1/2-1/2

[Event "Eastern Asia-ch U20 Girls"]
[Site "Tagaytay CIty"]
[Date "2017.05.28"]
[Round "2.5"]
[White "Paez, Alexandra Sydney"]
[Black "Chandra, Vania Vindy"]
[Result "1/2-1/2"]
[WhiteElo "1868"]
[BlackElo "1809"]
[PlyCount "80"]
[EventDate "2017.05.27"]
[EventType "swiss"]
[EventRounds "9"]
[EventCountry "PHI"]
[SourceTitle "EXT 2024"]
[Source "ChessBase"]
[SourceDate "2023.10.10"]
[SourceVersion "1"]
[SourceVersionDate "2023.10.10"]
[SourceQuality "1"]

1. e4 c6 2. d4 d5 3. Nc3 dxe4 4. Nxe4 Bf5 5. Ng3 Bg6 6. h4 h6 7. Nf3 Nd7 8. h5 Bh7 9. Bd3 Bxd3 10. Qxd3 e6 11. Bd2 Qc7 12. 0-0-0 Ngf6 13. c4 Bd6 14. Ne4 Nxe4 15. Qxe4 Nf6 16. Qe2 0-0-0 17. Bc3 Rhe8 18. Ne5 Ng8 19. Rhe1 Bxe5 20. Qxe5 Qxe5 21. dxe5 c5 22. b4 cxb4 23. Bxb4 Rxd1+ 24. Rxd1 Ne7 25. Bxe7 Rxe7 26. Kc2 Rc7 27. Kb3 Rc5 28. f4 b5 29. Rd4 a5 30. a3 f6 31. Re4 Kd7 32. exf6 gxf6 33. g4 e5 34. fxe5 bxc4+ 35. Rxc4 Rxe5 36. Ka4 Rg5 37. Rf4 Ke6 38. Re4+ Kd7 39. Rf4 Ke6 40. Re4+ Kd7 1/2-1/2